| 000 | 01001naa a2200253 4500 | ||
|---|---|---|---|
| 005 | 20090622145127.0 | ||
| 008 | 090622t xxu||||| |||| 00| 0 eng d | ||
| 010 | _aENG-94162 | ||
| 020 |
_a9788132101000 _c295.00 |
||
| 035 | _aEN-77695 | ||
| 037 | _bDBAD / PUB | ||
| 040 |
_adpl _bEnglish |
||
| 082 | _a001.422 | ||
| 100 | _aGaur, Ajai S. | ||
| 245 |
_aStatistical methods for practice and research: _cby Ajai S. Gaur [and] Sanjaya S. Gaur _ba guide to data analysis using SPSS / |
||
| 250 | _a2nd ed | ||
| 260 |
_aNew Delhi _bResponse Books, _c2009 |
||
| 270 |
_aBI/I-1 Mohan Cooprative Industial Area, Mathura Road, _bNew Delhi _e110044 |
||
| 300 |
_a169p. _b24cm(pbk) |
||
| 500 | _aIncludes bibliographical references | ||
| 700 | _aGaur, Sanjaya S. | ||
| 942 |
_adpl _cEN _2ddc _h001.422 _mGAU |
||
| 999 |
_c27765 _d27765 |
||